American history

Detalles Bibliográficos
Título anterior:American history illustrated
Formato: Electrónico Revista
Lenguaje:inglés
Publicado: Harrisburg, PA : Cowles History Group, a division of Cowles Magazines, c1994-
Leesburg, Va. : Weider History Group
Materias:
Acceso en línea:Full text available from Research Library: 03/01/1997 to present

MARC

LEADER 00000nas a2200000 a 4500
001 ssj0002605
003 WaSeSS
005 20200512172242.0
006 m d
007 cr n
008 940414c19949999vaubr p s 0 a0eng c
010 |a  94644504   |z sn 94039023  
022 |l 1076-8866  |y 1076-8866 
032 |a 527210  |b USPS 
035 |a (WaSeSS)ssj0002605 
037 |b Cowles Magazines, PO Box 1776, Mount Morris, IL 61054-9948 
040 |a GZG  |b eng  |c GZG  |d PVU  |d UIU  |d NYG  |d WAU  |d NSD  |d DLC  |d SYS  |d GUA  |d MUQ  |d OCLCQ  |d CUV  |d DLC  |d XY4  |d DLC  |d OCLCQ  |d CUS  |d OCLCQ  |d OCLCF  |d POA  |d GRR  |d OCLCO  |d FHL  |d FUG  |d LWA  |d HLS  |d CNO  |d CSA  |d KFH  |d ZAS  |d OCLCO  |d CUI  |d OCLCO  |d WaSeSS 
042 |a pcc  |a nsdp 
043 |a n-us--- 
050 0 0 |a E171  |b .A574 
082 0 |a 973.05 
130 0 |a American history (Harrisburg, Pa.) 
210 0 |a Am. hist.  |b (Harrisbg. Pa.) 
222 0 |a American history  |b (Harrisburg, Pa.) 
245 1 0 |a American history  |h [electronic resource]. 
260 |a Harrisburg, PA :  |b Cowles History Group, a division of Cowles Magazines,  |c c1994- 
260 3 |3 2006-:  |a Leesburg, Va. :  |b Weider History Group 
310 |a Bimonthly 
362 0 |a Vol. 29, no. 2 (June 1994)- 
500 |a Title from cover. 
506 |a License restrictions may limit access. 
588 |a Latest issue consulted: Vol. 29, no. 3 (Aug. 1994). 
650 2 |a History. 
651 0 |a United States  |x History  |v Periodicals. 
651 6 |a États-Unis  |x Histoire  |v Périodiques. 
651 7 |a United States.  |2 fast  |0 (OCoLC)fst01204155 
651 7 |a United States  |x History  |x Periodicals.  |2 fssh 
651 2 |a United States. 
655 0 |a Electronic journals. 
780 0 0 |t American history illustrated  |x 0002-8770  |w (DLC) 66009868  |w (OCoLC)1479976 
850 |a DLC  |a N  |a NjP  |a WaU 
853 0 0 |8 1  |a v.  |b no.  |u 6  |v r  |i (year)  |j (month)  |w b  |x 04  |y pm02,04,06,08,10,12 
856 4 0 |z Full text available from Research Library: 03/01/1997 to present  |u https://search.proquest.com/publication/48024 
863 4 1 |8 1.1  |a <29>  |b <2>  |i <1994>